The Citadel : (Record no. 217997)
[ view plain ]
| 000 -LEADER | |
|---|---|
| fixed length control field | 01206 a2200193 4500 |
| 003 - CONTROL NUMBER IDENTIFIER | |
| control field | Nust |
| 005 - DATE AND TIME OF LATEST TRANSACTION | |
| control field | 20170207171637.0 |
| 040 ## - CATALOGING SOURCE | |
| Transcribing agency | Nust |
| 082 ## - DEWEY DECIMAL CLASSIFICATION NUMBER | |
| Classification number | 050 |
| 100 ## - MAIN ENTRY--PERSONAL NAME | |
| Personal name | Command and Staff College (Quetta, Pakistan) |
| 245 ## - TITLE STATEMENT | |
| Title | The Citadel : |
| Remainder of title | professional magazine of the Command and Staff College -No. 2/2014 |
| Statement of responsibility, etc. | Command and Staff College (Quetta, Pakistan) |
| 260 ## - PUBLICATION, DISTRIBUTION, ETC. | |
| Place of publication, distribution, etc. | Quetta,Pakistan |
| Name of publisher, distributor, etc. | Comdt and Staff Press Quetta |
| Date of publication, distribution, etc. | 2014 |
| 300 ## - PHYSICAL DESCRIPTION | |
| Extent | 116p.: |
| 490 ## - SERIES STATEMENT | |
| Series statement | Vol.xxxii |
| 505 ## - FORMATTED CONTENTS NOTE | |
| Formatted contents note | Letters (Page-4) Quranic Perspective of Ethics in Warfare by Lt Col Hassan Mehdi (Page-8) Developing Research Paper by Lt Col Saadatullah (Page-24) Afghanistan Post 2014: Imperatives, Drivers and Scenarios by Brigadier Sheikh Ghulam Jilani (Page-34) Significance of Gwadar Port and Future Prospects by Major Muhammad Saleem (Page-46) Theory of War and Non Kinetic Warfare in the 21st Century Brigadier Ahsan Gulrez (Page-58) Cold Start for Cold End by Lt Col Aamir Naz (Page-64) Existing Energy Resources and Energy Conservation in Pakistan Major Sami ullah Mumtaz (Page-73) |
| 538 ## - SYSTEM DETAILS NOTE | |
| System details note | Almirah No.137 Shelf No.6 |
| 650 ## - SUBJECT ADDED ENTRY--TOPICAL TERM | |
| Topical term or geographic name entry element | Pakistan. -- Army -- Periodicals |
| 651 ## - SUBJECT ADDED ENTRY--GEOGRAPHIC NAME | |
| Geographic name | Pakistan -- Military policy -- Periodicals. |
| 942 ## - ADDED ENTRY ELEMENTS (KOHA) | |
| Koha item type | |
| Withdrawn status | Lost status | Source of classification or shelving scheme | Damaged status | Not for loan | Collection code | Permanent Location | Current Location | Date acquired | Total Checkouts | Full call number | Barcode | Date last seen | Price effective from | Koha item type |
|---|---|---|---|---|---|---|---|---|---|---|---|---|---|---|
| Military College of Signals (MCS) | Military College of Signals (MCS) | 12/12/2016 | 050 COM | MCSP-95/6 | 12/08/2016 | 12/12/2016 | Book |
